[Event "XXVIII Festival Conca della Presolana 1N"]
[Site "Bratto - Castione della Presolana ITA"]
[Date "2008.08.24"]
[Round "2"]
[White "Caputi, Giuliano"]
[Black "Stella, Luca"]
[Result "0-1"]
[WhiteElo "1978"]
[BlackElo "1894"]
[PlyCount "32"]
[EventDate "2008.08.23"]

1. c4 c5 2. Nc3 g6 3. g3 Bg7 4. Bg2 Nc6 5. Nf3 e6 6. e4 Nge7 7. O-O O-O 8. Ne1
d6 9. Nc2 Nd4 10. d3 Nec6 11. Be3 Rb8 12. Rb1 a6 13. Qd2 Re8 14. f4 b5 15. b3
Qa5 16. Rfc1 Qxc3 0-1

[Event "XXVIII Festival Conca della Presolana 1N"]
[Site "Bratto - Castione della Presolana ITA"]
[Date "2008.08.24"]
[Round "2"]
[White "Carbone, Lorenzo"]
[Black "Favoni, Matteo"]
[Result "0-1"]
[WhiteElo "1767"]
[BlackElo "1941"]
[PlyCount "118"]
[EventDate "2008.08.23"]

1. e4 c5 2. Nf3 d6 3. d4 cxd4 4. Nxd4 Nf6 5. Nc3 a6 6. Be2 e5 7. Nb3 Be7 8. O-O
O-O 9. Be3 Be6 10. h3 Nbd7 11. Qe1 Rc8 12. f4 exf4 13. Bxf4 Qb6+ 14. Kh1 Ne5
15. Rd1 Nc4 16. Bc1 Rfe8 17. Qg3 Kh8 18. Qf2 Qxf2 19. Rxf2 Ne5 20. Nd4 Rxc3 21.
Rxf6 Bxf6 22. bxc3 Bxa2 23. Nf5 Bc4 24. Bd3 Rd8 25. Ba3 Nxd3 26. cxd3 Bb3 27.
Rb1 Bc2 28. Rxb7 Bxd3 29. Nxd6 Kg8 30. Bc5 a5 31. Nxf7 Re8 32. e5 Bxe5 33. Nxe5
Rxe5 34. Bd4 Rg5 35. Rb8+ Kf7 36. Rb7+ Ke6 37. Rxg7 Rxg7 38. Bxg7 Kd5 39. Kg1
Kc4 40. Kf2 a4 41. Bf8 Kb3 42. Ke3 Bc4 43. Kd4 Bf1 44. g3 a3 45. Bxa3 Kxa3 46.
h4 h5 47. Ke3 Kb3 48. Kf3 Bh3 49. Kf2 Kxc3 50. Kg1 Kd3 51. Kf2 Bg4 52. Kg2 Ke3
53. Kg1 Kf3 54. Kh2 Bf5 55. Kg1 Kxg3 56. Kh1 Kxh4 57. Kh2 Kg4 58. Kg2 h4 59.
Kh2 h3 0-1

[Event "XXVIII Festival Conca della Presolana 1N"]
[Site "Bratto - Castione della Presolana ITA"]
[Date "2008.08.24"]
[Round "2"]
[White "Cocuzzi, Edoardo"]
[Black "Rossetti, Alberto"]
[Result "0-1"]
[WhiteElo "1892"]
[BlackElo "1689"]
[PlyCount "96"]
[EventDate "2008.08.23"]

1. e4 c6 2. d4 d5 3. exd5 cxd5 4. Bd3 Nc6 5. c3 Nf6 6. h3 e6 7. Bf4 Bd6 8. Bxd6
Qxd6 9. Nf3 O-O 10. O-O Ne4 11. Bxe4 dxe4 12. Nfd2 f5 13. Re1 e5 14. Nc4 Qc7
15. d5 Nb4 16. Qb3 Nd3 17. Rd1 Qc5 18. Rxd3 exd3 19. Nxe5 Be6 20. c4 Bxd5 21.
cxd5 Qc1+ 22. Kh2 Qf4+ 23. Kg1 Qxe5 24. Qxd3 Qxb2 25. Qc3 Qxc3 26. Nxc3 Rac8
27. Nb5 Rc5 28. Rb1 Rfc8 29. Rb3 Rxd5 30. Nxa7 Rc2 31. Rxb7 Rxa2 32. Nc6 Rdd2
33. Ne7+ Kf8 34. Nxf5 Rxf2 35. Rb8+ Kf7 36. Rb7+ Kf6 37. Ne3 Rfe2 38. Nd5+ Ke5
39. Nc3 Rxg2+ 40. Kh1 Rh2+ 41. Kg1 Rag2+ 42. Kf1 Rc2 43. Ne2 Rcxe2 44. Re7+ Kf4
45. Rf7+ Ke3 46. Kg1 Reg2+ 47. Kf1 Rf2+ 48. Kg1 Rh1+ 0-1

[Event "XXVIII Festival Conca della Presolana 1N"]
[Site "Bratto - Castione della Presolana ITA"]
[Date "2008.08.24"]
[Round "2"]
[White "Crippa, Mario"]
[Black "Cavaliere, Simone"]
[Result "1-0"]
[WhiteElo "1833"]
[BlackElo "1876"]
[PlyCount "77"]
[EventDate "2008.08.23"]

1. e4 c5 2. Nf3 Nc6 3. d4 cxd4 4. Nxd4 e6 5. Nc3 a6 6. Be2 Qc7 7. O-O Nf6 8.
Kh1 Nxd4 9. Qxd4 Bc5 10. Qd3 b5 11. Bg5 Bb7 12. Bf3 Qe5 13. Bxf6 gxf6 14. Rad1
Rd8 15. a3 h5 16. b4 Ba7 17. Ne2 Bb8 18. g3 h4 19. c3 Ke7 20. Qd4 hxg3 21. fxg3
Qg5 22. Kg2 Qh6 23. h4 Rhg8 24. Kh3 Be5 25. Qf2 Rc8 26. Rd3 Rc4 27. Rfd1 Rc7
28. Qe3 Qg7 29. Rg1 Qh7 30. g4 Qxh4+ 31. Kg2 f5 32. exf5 Rxg4+ 33. Kf1 Rxg1+
34. Nxg1 Bf6 35. Bxb7 Rxb7 36. Qc5+ Kd8 37. fxe6 Qf4+ 38. Nf3 fxe6 39. Kf2 {...
} 1-0

[Event "XXVIII Festival Conca della Presolana 1N"]
[Site "Bratto - Castione della Presolana ITA"]
[Date "2008.08.24"]
[Round "2"]
[White "De Bortoli, Thomas"]
[Black "Crimi, Alessandro"]
[Result "1-0"]
[WhiteElo "1805"]
[BlackElo "1904"]
[PlyCount "55"]
[EventDate "2008.08.23"]

1. e4 c5 2. Nf3 e6 3. d4 cxd4 4. Nxd4 Nf6 5. Nc3 d6 6. Bg5 Be7 7. f4 O-O 8. Qf3
a6 9. O-O-O Qc7 10. g4 b5 11. Bd3 Bb7 12. Qh3 e5 13. Nf5 Bd8 14. Nxg7 b4 15.
Bxf6 bxc3 16. Qh6 Bxf6 17. Qxf6 Nd7 18. Qh6 Nc5 19. Nh5 f6 20. Bc4+ Kh8 21.
fxe5 cxb2+ 22. Kxb2 Bxe4 23. exf6 Na4+ 24. Ka1 d5 25. Qg7+ Qxg7 26. fxg7+ Kg8
27. gxf8=Q+ Rxf8 28. Bxd5+ 1-0

[Event "XXVIII Festival Conca della Presolana 1N"]
[Site "Bratto - Castione della Presolana ITA"]
[Date "2008.08.24"]
[Round "2"]
[White "Dritsakos, Alessio"]
[Black "Paganini, Andrea"]
[Result "1-0"]
[WhiteElo "1848"]
[BlackElo "1840"]
[PlyCount "43"]
[EventDate "2008.08.23"]

1. e4 d5 2. exd5 Nf6 3. Bb5+ Bd7 4. Bxd7+ Qxd7 5. c4 c6 6. dxc6 Qxc6 7. Nf3
Qxc4 8. d3 Qc6 9. Nc3 e6 10. O-O Be7 11. Bf4 O-O 12. Rc1 Na6 13. Qe2 Rac8 14.
d4 Nb4 15. Be5 Nbd5 16. Ng5 Qb6 17. Qd3 Rfd8 18. Nxd5 exd5 19. Rxc8 Rxc8 20.
Bxf6 g6 21. Bxe7 Qxb2 22. Qh3 1-0

[Event "XXVIII Festival Conca della Presolana 1N"]
[Site "Bratto - Castione della Presolana ITA"]
[Date "2008.08.24"]
[Round "2"]
[White "Fasiello, Andrea"]
[Black "Gambarino, Federico"]
[Result "1-0"]
[WhiteElo "1879"]
[BlackElo "1847"]
[PlyCount "109"]
[EventDate "2008.08.23"]

1. e4 c5 2. Nf3 d6 3. d4 cxd4 4. Nxd4 Nf6 5. Nc3 a6 6. Bd3 Nc6 7. Nb3 g6 8. Be3
Bg7 9. O-O O-O 10. f3 Bd7 11. Qd2 Ne5 12. Bh6 Rc8 13. Bxg7 Kxg7 14. Rad1 Qb6+
15. Qf2 Qc7 16. Rd2 b5 17. a3 Qb8 18. Nd1 Rc7 19. Nd4 Nh5 20. Qe3 Nc4 21. Bxc4
Rxc4 22. c3 Rfc8 23. Re1 Nf6 24. Nf2 R8c5 25. Nd3 Rc8 26. e5 Nd5 27. Qe4 e6 28.
exd6 Qxd6 29. Qe5+ Qxe5 30. Nxe5 R4c7 31. Nd3 a5 32. Nb3 b4 33. axb4 axb4 34.
Nxb4 Nxb4 35. cxb4 Rb8 36. Nc5 Bb5 37. Rd4 Ra7 38. Red1 Ra2 39. R1d2 h5 40. Kf2
e5 41. Re4 Bc6 42. Rc4 Bb5 43. Rc3 Ba4 44. Ra3 Rxa3 45. bxa3 Ra8 46. Nxa4 Rxa4
47. Ra2 f5 48. Ke3 Kf6 49. Kd3 Kg5 50. Kc3 e4 51. Kb3 Ra7 52. fxe4 fxe4 53. b5
e3 54. Kc3 e2 55. Kd2 1-0

[Event "XXVIII Festival Conca della Presolana 1N"]
[Site "Bratto - Castione della Presolana ITA"]
[Date "2008.08.24"]
[Round "2"]
[White "Fiorili, Roberto"]
[Black "Nepi, Ezio"]
[Result "0-1"]
[WhiteElo "1918"]
[BlackElo "1833"]
[PlyCount "104"]
[EventDate "2008.08.23"]

1. e4 e6 2. b3 d5 3. exd5 exd5 4. Bb2 Nf6 5. d4 Bd6 6. Nf3 O-O 7. Be2 Re8 8.
O-O Bg4 9. Nbd2 Nbd7 10. Re1 c6 11. Ne5 Nxe5 12. dxe5 Bxe5 13. Bxg4 Bxb2 14.
Rxe8+ Qxe8 15. Rb1 Bc3 16. Bf5 Qe5 17. Bd3 Re8 18. Nf3 Qd6 19. g3 g6 20. Bf1 a5
21. Qd3 Qc5 22. Bg2 Ng4 23. Rf1 Ne5 24. Nxe5 Rxe5 25. Kh1 Qd4 26. Qxd4 Bxd4 27.
Bf3 Bc3 28. Kg2 b5 29. Rd1 b4 30. Kf1 Re8 31. Be2 Ra8 32. Rd3 a4 33. Bd1 axb3
34. axb3 h6 35. Re3 Kf8 36. g4 Rd8 37. Rh3 Kg7 38. f4 Re8 39. Be2 Re4 40. Rf3
Rd4 41. Rf2 c5 42. f5 g5 43. Bf3 Kf6 44. Re2 c4 45. bxc4 dxc4 46. Re4 Rxe4 47.
Bxe4 Ke5 48. Bc6 b3 49. cxb3 cxb3 50. Ba4 b2 51. Bc2 Kf4 52. Kg2 Ke3 0-1

[Event "XXVIII Festival Conca della Presolana 1N"]
[Site "Bratto - Castione della Presolana ITA"]
[Date "2008.08.24"]
[Round "2"]
[White "Jones, Alessandro"]
[Black "Rossini, Luca"]
[Result "1-0"]
[WhiteElo "1968"]
[BlackElo "1785"]
[PlyCount "95"]
[EventDate "2008.08.23"]

1. d4 Nf6 2. Nf3 e6 3. Nbd2 d5 4. e3 Be7 5. Bd3 O-O 6. O-O b6 7. Ne5 Bb7 8. b3
Nbd7 9. f4 Rc8 10. Bb2 c5 11. Qf3 cxd4 12. exd4 Bb4 13. Rad1 Rc7 14. c3 Bd6 15.
g4 Bxe5 16. fxe5 Ne8 17. Ba3 f6 18. Bxf8 Nxf8 19. Bb1 Rf7 20. Rf2 Qd7 21. Nf1
Ng6 22. Re1 fxe5 23. Qxf7+ Qxf7 24. Rxf7 Kxf7 25. Bxg6+ Kxg6 26. Rxe5 Kf6 27.
Kf2 Nd6 28. Ng3 a5 29. Ke3 b5 30. Nh5+ Kf7 31. Ng3 a4 32. Kf4 h6 33. h4 Bc8 34.
Re1 g6 35. bxa4 bxa4 36. Rb1 Kf6 37. g5+ hxg5+ 38. hxg5+ Kf7 39. Rf1 Kg7 40.
Rb1 Kf7 41. Ne2 Ba6 42. Rb6 Bxe2 43. Rxd6 Ke7 44. Ke5 Bg4 45. Ra6 Bd1 46. Rxe6+
Kf7 47. Rf6+ Kg7 48. Kxd5 1-0

[Event "XXVIII Festival Conca della Presolana 1N"]
[Site "Bratto - Castione della Presolana ITA"]
[Date "2008.08.24"]
[Round "2"]
[White "Litrico, Paolo"]
[Black "Cambieri, Mario"]
[Result "0-1"]
[WhiteElo "1921"]
[BlackElo "1879"]
[PlyCount "74"]
[EventDate "2008.08.23"]

1. d4 Nf6 2. Nf3 e6 3. Bf4 c5 4. e3 cxd4 5. exd4 g6 6. Nbd2 Bg7 7. Nc4 O-O 8.
Bd3 a6 9. a4 d5 10. Nce5 Nc6 11. c3 Nh5 12. Bc1 Nxe5 13. dxe5 f6 14. g4 fxe5
15. gxh5 e4 16. hxg6 Rxf3 17. gxh7+ Kh8 18. Bxe4 Rf8 19. Bc2 e5 20. Qe2 d4 21.
Rg1 Bf5 22. Rxg7 Kxg7 23. Bxf5 Rxf5 24. Qg4+ Kf6 25. h4 Qd5 26. Bg5+ Ke6 27.
Rd1 Qh1+ 28. Ke2 Qh2 29. Qg3 Qxg3 30. fxg3 Kd5 31. cxd4 exd4 32. Rf1 Re8+ 33.
Be3 Rxf1 34. Kxf1 dxe3 35. Ke2 Ke4 36. g4 Kf4 37. g5 Kf5 0-1

[Event "XXVIII Festival Conca della Presolana 1N"]
[Site "Bratto - Castione della Presolana ITA"]
[Date "2008.08.24"]
[Round "2"]
[White "Mandolini, Riccardo"]
[Black "Nardone, Massimo"]
[Result "1-0"]
[WhiteElo "1946"]
[BlackElo "1884"]
[PlyCount "63"]
[EventDate "2008.08.23"]

1. Nc3 d5 2. e4 d4 3. Nce2 c5 4. Ng3 Nc6 5. Nf3 Nf6 6. Bc4 e6 7. a3 Bd6 8. d3
h6 9. O-O O-O 10. Qe2 Bxg3 11. fxg3 e5 12. Nh4 g5 13. Nf5 Bxf5 14. Rxf5 Nh7 15.
Qh5 Qd6 16. Rxf7 Rxf7 17. Bxf7+ Kg7 18. Bd2 Ne7 19. Bb3 Rf8 20. Rf1 Rxf1+ 21.
Kxf1 Qf6+ 22. Kg1 Nf8 23. Qe8 Nfg6 24. Qb8 Qb6 25. Bc1 a6 26. Bd5 Nxd5 27. exd5
Kf7 28. d6 Qa5 29. Qxb7+ Ke6 30. Kf1 Qa4 31. b3 Qb5 32. Qg7 1-0

[Event "XXVIII Festival Conca della Presolana 1N"]
[Site "Bratto - Castione della Presolana ITA"]
[Date "2008.08.24"]
[Round "2"]
[White "Melone, Antonio"]
[Black "Quagliarella, Sabino Remo"]
[Result "1-0"]
[WhiteElo "1718"]
[BlackElo "1925"]
[PlyCount "69"]
[EventDate "2008.08.23"]

1. d4 Nf6 2. c4 c5 3. d5 b5 4. cxb5 a6 5. bxa6 Bxa6 6. Nc3 g6 7. e4 Bxf1 8.
Kxf1 d6 9. Nf3 Nbd7 10. g3 Bg7 11. Kg2 O-O 12. Re1 Ng4 13. Nd2 Nge5 14. Qe2 Nb6
15. f4 Ned7 16. Nf3 c4 17. Be3 Na4 18. Bd4 f6 19. Nxa4 Rxa4 20. b3 cxb3 21.
axb3 Rb4 22. Ra7 Nc5 23. Bxc5 dxc5 24. Qa6 Rb6 25. Qc4 Qd6 26. e5 fxe5 27. fxe5
Bxe5 28. Rxe5 Rb4 29. Qe2 Rxf3 30. Kxf3 Rxb3+ 31. Kg2 Rb8 32. Raxe7 h5 33. R7e6
Qd7 34. Rxg6+ Kf7 35. Rg7+ 1-0

[Event "XXVIII Festival Conca della Presolana 1N"]
[Site "Bratto - Castione della Presolana ITA"]
[Date "2008.08.24"]
[Round "2"]
[White "Napoli, Ferdinando"]
[Black "Maccarini, Luca Nicola"]
[Result "0-1"]
[WhiteElo "1829"]
[BlackElo "1920"]
[PlyCount "30"]
[EventDate "2008.08.23"]

1. e4 e5 2. Nf3 Nf6 3. d4 Nxe4 4. Bd3 d5 5. Nxe5 Nd7 6. Nxd7 Bxd7 7. c4 c6 8.
O-O Bd6 9. cxd5 cxd5 10. Re1 O-O 11. Nd2 Bxh2+ 12. Kxh2 Qh4+ 13. Kg1 Bg4 14.
Nf3 Qxf2+ 15. Kh1 Bxf3 0-1

[Event "XXVIII Festival Conca della Presolana 1N"]
[Site "Bratto - Castione della Presolana ITA"]
[Date "2008.08.24"]
[Round "2"]
[White "Pitrola, Carlo"]
[Black "Raselli, Claudio"]
[Result "1/2-1/2"]
[WhiteElo "1837"]
[BlackElo "1962"]
[PlyCount "43"]
[EventDate "2008.08.23"]

1. d4 e6 2. c4 f5 3. Nc3 Nf6 4. Bf4 Be7 5. e3 c6 6. Bd3 d5 7. Nge2 O-O 8. O-O
Qe8 9. cxd5 exd5 10. Rb1 Ne4 11. b4 g5 12. Be5 Nd7 13. f4 Nxe5 14. fxe5 Be6 15.
b5 c5 16. Bxe4 fxe4 17. Rxf8+ Bxf8 18. Ng3 c4 19. Qe2 Be7 20. Rf1 Qd7 21. Qh5
Qe8 22. Qe2 1/2-1/2

[Event "XXVIII Festival Conca della Presolana 1N"]
[Site "Bratto - Castione della Presolana ITA"]
[Date "2008.08.24"]
[Round "2"]
[White "Pulvirenti, Gianni"]
[Black "Oteri, Aldo"]
[Result "1-0"]
[WhiteElo "1952"]
[BlackElo "1844"]
[PlyCount "71"]
[EventDate "2008.08.23"]

1. d4 Nf6 2. Nf3 e6 3. c4 d5 4. e3 c5 5. Nc3 cxd4 6. exd4 Nc6 7. Bd3 Be7 8. O-O
O-O 9. Be3 Nb4 10. Be2 dxc4 11. Bxc4 Nfd5 12. Qe2 b6 13. Rac1 Bb7 14. Rfd1 Rc8
15. a3 Nxc3 16. Rxc3 Nd5 17. Rcc1 Bf6 18. Ne5 Qd6 19. f4 Rfd8 20. Bd2 g6 21.
Rf1 Ne7 22. Bc3 Nf5 23. Rcd1 Nh4 24. Rf2 Bg7 25. Bb3 Bd5 26. Bc2 a5 27. Bd3 f6
28. Ng4 Qc6 29. Ne3 Bb3 30. Re1 Re8 31. Bb5 Qd6 32. Bxe8 Rxe8 33. g3 Nf5 34.
Nxf5 gxf5 35. Qb5 Bd5 36. Qxe8+ 1-0

[Event "XXVIII Festival Conca della Presolana 1N"]
[Site "Bratto - Castione della Presolana ITA"]
[Date "2008.08.24"]
[Round "2"]
[White "Roversi, Stefano"]
[Black "Regorda, Vittorio"]
[Result "1/2-1/2"]
[WhiteElo "1840"]
[BlackElo "1859"]
[PlyCount "58"]
[EventDate "2008.08.23"]

1. e4 c6 2. d4 d5 3. Nc3 dxe4 4. Nxe4 h6 5. Ng3 Nf6 6. Nf3 Bg4 7. Be2 e6 8. h3
Bxf3 9. Bxf3 Bd6 10. Ne4 Nxe4 11. Bxe4 Nd7 12. c4 Bb4+ 13. Bd2 Qa5 14. a3 Bxd2+
15. Qxd2 Qxd2+ 16. Kxd2 Nf6 17. Bf3 Rd8 18. Kc3 O-O 19. b4 Rfe8 20. a4 e5 21.
dxe5 Rxe5 22. b5 Ne4+ 23. Bxe4 Rxe4 24. Rhd1 Rc8 25. Rd4 Re7 26. Rad1 Rcc7 27.
Rd8+ Kh7 28. Ra8 cxb5 29. axb5 b6 1/2-1/2

[Event "XXVIII Festival Conca della Presolana 1N"]
[Site "Bratto - Castione della Presolana ITA"]
[Date "2008.08.24"]
[Round "2"]
[White "Sala, Marcello"]
[Black "Biava, Pierluigi"]
[Result "0-1"]
[WhiteElo "1831"]
[BlackElo "1872"]
[PlyCount "78"]
[EventDate "2008.08.23"]

1. e4 c5 2. c3 d5 3. exd5 Qxd5 4. d4 cxd4 5. cxd4 Nc6 6. Nf3 Bg4 7. Nc3 Qa5 8.
Be2 Nf6 9. O-O e6 10. h3 Bf5 11. Re1 Rd8 12. Bb5 Qc7 13. Ne5 Nd5 14. Qf3 Be7
15. g4 Bg6 16. Nxd5 Rxd5 17. Bxc6+ bxc6 18. Be3 f6 19. Nxg6 hxg6 20. Rac1 Kd7
21. Rc2 Rc8 22. Rec1 Qb6 23. a3 a5 24. Qe4 f5 25. Qd3 Bd6 26. Rc3 f4 27. Rb3
Qa7 28. Qxg6 fxe3 29. Qxg7+ Be7 30. fxe3 c5 31. Rbc3 Qc7 32. Kg2 Rg5 33. Qh7
Qb7+ 34. Kg3 Qc7+ 35. Kg2 Qd6 36. dxc5 Rcxc5 37. Rd3 Rcd5 38. Rcd1 Rxd3 39.
Rxd3 Rd5 0-1

[Event "XXVIII Festival Conca della Presolana 1N"]
[Site "Bratto - Castione della Presolana ITA"]
[Date "2008.08.24"]
[Round "2"]
[White "Sanzani, Pierluigi"]
[Black "Sala, Giovanni"]
[Result "0-1"]
[WhiteElo "1853"]
[BlackElo "1970"]
[PlyCount "158"]
[EventDate "2008.08.23"]

1. e4 c5 2. Nf3 d6 3. d4 cxd4 4. Nxd4 Nf6 5. Nc3 a6 6. Be3 e5 7. Nf3 Qc7 8. Be2
Be7 9. O-O O-O 10. Bg5 Be6 11. a4 Nbd7 12. Nd2 h6 13. Be3 Rac8 14. Nb3 Nb6 15.
a5 Nc4 16. Bxc4 Bxc4 17. Bb6 Qc6 18. Re1 Rfe8 19. Nd2 Be6 20. Nf1 d5 21. exd5
Nxd5 22. Nxd5 Bxd5 23. Ne3 Be6 24. c3 Qb5 25. Qf3 Qc6 26. Qh5 f6 27. Qg6 Bc5
28. Bxc5 Qxc5 29. Nf5 Bxf5 30. Qxf5 Rcd8 31. Qe4 Qd5 32. Kf1 Rd7 33. Qxd5+ Rxd5
34. Rad1 Rxa5 35. Rd7 Rb5 36. b4 Rc8 37. Re3 Rb6 38. Ke2 Rbc6 39. Kd2 R6c7 40.
Red3 Kf8 41. Rxc7 Rxc7 42. Rd8+ Ke7 43. Rg8 Kf7 44. Rd8 Ke6 45. Kc2 Rd7 46. Rc8
Kf7 47. c4 h5 48. c5 Ke6 49. c6 bxc6 50. Rxc6+ Rd6 51. Rc5 Kd7 52. Ra5 g5 53.
Ra3 h4 54. h3 e4 55. Re3 f5 56. f3 Re6 57. Kc3 exf3 58. Rxf3 f4 59. Rd3+ Kc6
60. Kc4 Re2 61. Ra3 Kb6 62. Rd3 Rc2+ 63. Kd5 Rxg2 64. Ke4 Kb5 65. Ra3 Rg3 66.
Ra5+ Kxb4 67. Rxa6 Rxh3 68. Rg6 Rg3 69. Rg8 Kc3 70. Rd8 h3 71. Rh8 Kd2 72. Rd8+
Ke1 73. Rb8 f3 74. Rb1+ Kd2 75. Rb2+ Kc3 76. Rf2 g4 77. Kf4 Rg2 78. Rf1 h2 79.
Rh1 f2 0-1

[Event "XXVIII Festival Conca della Presolana 1N"]
[Site "Bratto - Castione della Presolana ITA"]
[Date "2008.08.24"]
[Round "2"]
[White "Saracco, Marco"]
[Black "Lanni, Vincenzo"]
[Result "1/2-1/2"]
[WhiteElo "1939"]
[BlackElo "1849"]
[PlyCount "66"]
[EventDate "2008.08.23"]

1. d4 g6 2. c4 Bg7 3. Nc3 d6 4. e4 Nf6 5. Nf3 O-O 6. Be2 c6 7. O-O Nbd7 8. h3
e5 9. dxe5 dxe5 10. Be3 Qc7 11. Qd2 Re8 12. Rfd1 Bf8 13. a3 Nc5 14. Qc2 Ne6 15.
Rd2 Nf4 16. Bf1 Be6 17. Ng5 Rad8 18. Rxd8 Rxd8 19. g3 h6 20. Nxe6 Nxe6 21. b4
Nd4 22. Qb2 Nh7 23. Bg2 Ng5 24. h4 Nh7 25. c5 Nf6 26. f3 b6 27. cxb6 axb6 28.
Rc1 c5 29. bxc5 Bxc5 30. Kf2 Qe7 31. Ra1 Kh7 32. Bf1 Qc7 33. Na4 Qd6 1/2-1/2

[Event "XXVIII Festival Conca della Presolana 1N"]
[Site "Bratto - Castione della Presolana ITA"]
[Date "2008.08.24"]
[Round "2"]
[White "Scarpellini, Felice"]
[Black "Morandi, Daniele"]
[Result "0-1"]
[WhiteElo "1857"]
[BlackElo "1988"]
[PlyCount "124"]
[EventDate "2008.08.23"]

1. c4 Nf6 2. Nc3 g6 3. g3 Bg7 4. Bg2 d6 5. e4 O-O 6. Nge2 Nc6 7. O-O e5 8. d3
Nh5 9. f4 exf4 10. Nxf4 Nxf4 11. Bxf4 Nd4 12. Qd2 c6 13. Bh6 Qb6 14. Be3 Qc7
15. Kh1 b6 16. Bh6 Bb7 17. Bxg7 Kxg7 18. Qg5 Qd8 19. Qe3 Ne6 20. Rf2 Qg5 21.
Qxg5 Nxg5 22. Raf1 Rae8 23. d4 f6 24. d5 h5 25. Rf4 Re5 26. h4 Nh7 27. Kh2 cxd5
28. exd5 Ba6 29. b3 f5 30. R1f2 Nf6 31. Bf3 Rfe8 32. Bd1 Re3 33. Rc2 Rd3 34.
Be2 Rxc3 35. Rxc3 Rxe2+ 36. Kg1 Rxa2 37. Re3 Ne4 38. Rf1 Ra3 39. Rfe1 Kf6 40.
R1e2 b5 41. cxb5 Bxb5 42. Rc2 a5 43. Rc8 a4 44. Rb8 Bc4 45. Rxe4 fxe4 46. bxc4
Rxg3+ 47. Kf2 Rc3 48. Re8 Rxc4 49. Re6+ Kf5 50. Rxd6 Rd4 51. Ra6 Ke5 52. Rxg6
Rxd5 53. Ra6 Rd2+ 54. Ke3 Rd3+ 55. Ke2 a3 56. Ra5+ Kf4 57. Rxh5 a2 58. Ra5 Rh3
59. h5 Rxh5 60. Ra8 Rh1 61. Rxa2 Rh2+ 62. Ke1 Rxa2 0-1

[Event "XXVIII Festival Conca della Presolana 1N"]
[Site "Bratto - Castione della Presolana ITA"]
[Date "2008.08.24"]
[Round "2"]
[White "Villa, Claudio"]
[Black "Bettini, Massimo"]
[Result "0-1"]
[WhiteElo "1863"]
[BlackElo "1814"]
[PlyCount "86"]
[EventDate "2008.08.23"]

1. b3 e5 2. Bb2 Nc6 3. c4 Bc5 4. g3 d6 5. Bg2 Nge7 6. e4 O-O 7. Ne2 Nb4 8. d4
exd4 9. Nxd4 Bg4 10. Qd2 Ng6 11. a3 Nc6 12. Nxc6 bxc6 13. O-O Qe7 14. Bd4 Bxd4
15. Qxd4 a5 16. Nd2 a4 17. b4 c5 18. bxc5 dxc5 19. Qc3 Rae8 20. f3 Be6 21. f4
Bg4 22. e5 Qd7 23. Nf3 Bxf3 24. Rxf3 Ne7 25. Bf1 Nf5 26. Rd3 Nd4 27. Qa5 Qf5
28. Qxa4 Rb8 29. Qd1 Rb2 30. Rb1 Nf3+ 31. Rxf3 Rxb1 32. Qd5 Qg4 33. Rf2 h5 34.
Qxc5 h4 35. Qe3 Rfb8 36. Rd2 Qh3 37. Qf3 hxg3 38. hxg3 R8b3 39. Qa8+ Rb8 40.
Qf3 R8b3 41. Qa8+ Kh7 42. Rg2 Rxf1+ 43. Kxf1 Qh1+ 0-1

[Event "XXVIII Festival Conca della Presolana 1N"]
[Site "Bratto - Castione della Presolana ITA"]
[Date "2008.08.24"]
[Round "2"]
[White "Villalba, Fernando"]
[Black "Saccani, Ettore"]
[Result "1-0"]
[WhiteElo "1847"]
[BlackElo "1873"]
[PlyCount "111"]
[EventDate "2008.08.23"]

1. d4 Nf6 2. Nf3 g6 3. Bf4 Bg7 4. h3 O-O 5. e3 d6 6. Be2 c5 7. c3 Nc6 8. O-O
cxd4 9. exd4 Bd7 10. Na3 Ne8 11. Qc1 e5 12. dxe5 dxe5 13. Bh6 e4 14. Nh2 Rc8
15. Rd1 Nd4 16. Rxd4 Bxd4 17. Bxf8 Qh4 18. Qe1 Bb6 19. Bb4 a5 20. Bxa5 Bxa5 21.
Bg4 f5 22. Bd1 Qe7 23. Bb3+ Kg7 24. Nc2 Nc7 25. Nd4 Nb5 26. Nxb5 Bxb5 27. Rd1
Bb6 28. c4 Bc6 29. Qc3+ Qf6 30. Qxf6+ Kxf6 31. Nf1 Ke5 32. Ne3 Rd8 33. Nd5 Bxd5
34. cxd5 Bd4 35. Rb1 Rc8 36. Kf1 f4 37. Ke2 g5 38. Rd1 Bc5 39. d6 b6 40. d7 Rd8
41. Ba4 h5 42. Bc6 g4 43. hxg4 hxg4 44. a4 f3+ 45. gxf3 gxf3+ 46. Kf1 Bd4 47.
Re1 Kd6 48. Bxe4 Rh8 49. Bxf3 Kxd7 50. Rd1 Rh4 51. b4 Kc7 52. a5 bxa5 53. bxa5
Rf4 54. Ke2 Ba7 55. Rb1 Ra4 56. Rb7+ 1-0

[Event "XXVIII Festival Conca della Presolana 1N"]
[Site "Bratto - Castione della Presolana ITA"]
[Date "2008.08.25"]
[Round "3"]
[White "Barrera, Pietro"]
[Black "Scarpellini, Felice"]
[Result "0-1"]
[WhiteElo "1881"]
[BlackElo "1857"]
[PlyCount "56"]
[EventDate "2008.08.23"]

1. d4 Nf6 2. Nf3 e6 3. Bg5 d5 4. e3 Be7 5. Bd3 O-O 6. Nbd2 b6 7. Qe2 Bb7 8. e4
dxe4 9. Nxe4 Nbd7 10. O-O-O Nxe4 11. Bxe7 Nc3 12. bxc3 Qxe7 13. h4 Nf6 14. Ng5
h6 15. f4 Nd5 16. Bh7+ Kh8 17. Rdf1 Qa3+ 18. Kd2 Qxc3+ 19. Kc1 Qa3+ 20. Kd2
Qc3+ 21. Kc1 Nb4 22. Rh3 Nxa2+ 23. Kb1 Qa5 24. Kb2 Bd5 25. c3 Nxc3 26. Rxc3
Qa2+ 27. Kc1 Qxe2 28. Bd3 Qe3+ 0-1

[Event "XXVIII Festival Conca della Presolana 1N"]
[Site "Bratto - Castione della Presolana ITA"]
[Date "2008.08.25"]
[Round "3"]
[White "Bettini, Massimo"]
[Black "Pulvirenti, Gianni"]
[Result "0-1"]
[WhiteElo "1814"]
[BlackElo "1952"]
[PlyCount "56"]
[EventDate "2008.08.23"]

1. e4 d6 2. d4 g6 3. Nc3 Bg7 4. Be3 c6 5. Bc4 Nd7 6. f4 e6 7. Nf3 Ngf6 8. Bb3
Ng4 9. Bg1 d5 10. e5 b6 11. h3 Nh6 12. Be3 Ba6 13. g4 Qc7 14. Qd2 Ng8 15. f5 c5
16. fxe6 fxe6 17. Ng5 Nf8 18. Nxd5 exd5 19. Bxd5 O-O-O 20. Be6+ Kb8 21. d5 Bxe5
22. O-O-O Nf6 23. Nf7 Nxe6 24. Nxe5 Qxe5 25. d6 Ne4 26. Qe1 Nxd6 27. Bxc5 Qxe1
28. Bxd6+ Rxd6 0-1

[Event "XXVIII Festival Conca della Presolana 1N"]
[Site "Bratto - Castione della Presolana ITA"]
[Date "2008.08.25"]
[Round "3"]
[White "Biava, Pierluigi"]
[Black "Acunzo, Domenico"]
[Result "1-0"]
[WhiteElo "1872"]
[BlackElo "1787"]
[PlyCount "85"]
[EventDate "2008.08.23"]

1. d4 e6 2. g3 f5 3. Bg2 d5 4. Nf3 Nf6 5. O-O Bd6 6. Nbd2 O-O 7. c4 c6 8. c5
Bc7 9. b4 a5 10. Qb3 axb4 11. Qxb4 b6 12. cxb6 Bxb6 13. Ba3 Re8 14. Rfb1 Ba5
15. Qd6 Qxd6 16. Bxd6 Nbd7 17. Rb3 Ba6 18. Bf1 Bc4 19. Nxc4 dxc4 20. Ra3 Ne4
21. Bf4 Bc3 22. Rxa8 Rxa8 23. Rb1 Ndf6 24. Ne5 g5 25. Be3 Nd5 26. Nxc4 f4 27.
Bg2 fxe3 28. Bxe4 exf2+ 29. Kxf2 Bxd4+ 30. e3 Rf8+ 31. Bf3 Bc5 32. g4 e5 33.
Kg2 Nxe3+ 34. Nxe3 Bxe3 35. Rb3 Bd4 36. a4 c5 37. Bd5+ Kg7 38. Rb7+ Kh8 39. a5
Rf2+ 40. Kg3 Rf8 41. a6 Ra8 42. a7 c4 43. Rb8+ 1-0

[Event "XXVIII Festival Conca della Presolana 1N"]
[Site "Bratto - Castione della Presolana ITA"]
[Date "2008.08.25"]
[Round "3"]
[White "Cambieri, Mario"]
[Black "Jones, Alessandro"]
[Result "1/2-1/2"]
[WhiteElo "1879"]
[BlackElo "1968"]
[PlyCount "50"]
[EventDate "2008.08.23"]

1. c4 Nf6 2. Nc3 g6 3. g3 Bg7 4. Bg2 O-O 5. d4 d6 6. Nf3 Nbd7 7. O-O e5 8. e4
c6 9. Rb1 Qc7 10. d5 Nc5 11. Qe2 Ncxe4 12. Nxe4 Nxe4 13. Nxe5 Nxg3 14. hxg3
Bxe5 15. Bh6 Re8 16. Qd2 Bf5 17. Rbe1 Qb6 18. Rxe5 dxe5 19. dxc6 bxc6 20. Qg5
Re6 21. Rd1 f6 22. Qd2 Rae8 23. g4 Bxg4 24. Qd7 R8e7 25. Qc8+ Re8 1/2-1/2